|
|
|
|
| LEADER |
00000nab a2200000 a 4500 |
| 001 |
vtls000001061 |
| 003 |
SK-MaSNL |
| 005 |
20260303021501.0 |
| 008 |
111103c1978 xo 0 slo |
| 015 |
|
|
|a SNBRB19rr/mm-uuuuu
|
| 035 |
|
|
|a CL0011153
|
| 040 |
|
|
|a SNKBUCL
|b slo
|c SNKBUCL
|e AACR2
|
| 041 |
0 |
|
|a slo
|
| 044 |
|
|
|a xo
|c SK
|
| 080 |
|
|
|a 631.1
|2 1981
|
| 080 |
|
|
|a 331.876
|2 1981
|
| 100 |
1 |
|
|a Prokeš, Jozef
|4 aut
|9 266807
|
| 245 |
1 |
0 |
|a Usmernená iniciatíva
|b Svieži závan do súťažného hnutia
|c Jozef Prokeš, Ján Turčan
|
| 650 |
0 |
7 |
|a družstvá roľnícke
|2 snkbucl
|9 881518
|
| 655 |
|
7 |
|a články z novín a časopisov
|2 snkbucl
|9 267496
|
| 700 |
1 |
|
|a Turčan, Ján,
|d 1885-1955
|4 aut
|9 5045
|
| 773 |
0 |
|
|t Roľnícke noviny
|g Roč. 33, č. 135 (10. 6. 1978), s. 4
|
| 850 |
|
|
|a Slovenská národná knižnica v Martine
|a MTA001
|
| 852 |
|
|
|a SNK
|b KIS3GCP
|
| 958 |
|
|
|a RK
|
| 992 |
|
|
|a RBX
|
| 999 |
|
|
|c 1623521
|d 1625451
|